000
00290nam a2200121Ia 4500
008
220216s9999 xx 000 0 und d
100
_a
Eapen T
245
0
_a
Sasyaposhaka samrakshanam rubber thottangalil
260
_b
Rubber
_c
2012
300
_a
12-Sep
700
_a
Joseph M
942
_c
JS
999
_c
68408
_d
68408